| 000 | 00931cam a2200265 4500 | ||
|---|---|---|---|
| 008 | 030606n2002 000 0 eng u | ||
| 020 | _a1903287308 | ||
| 035 | _a(Sirsi) u122550 | ||
| 041 | _aeng | ||
| 050 |
_a697 _c18 |
||
| 110 |
_aChartered Institution of Building Services Engineers _92360 |
||
| 245 |
_aGuide to building services for historic buildings _bsustainable services for traditional buildings |
||
| 260 |
_aLondon _bCIBSE _c2002 |
||
| 300 |
_a88p. _bill. _c30cm. |
||
| 350 | _a50 | ||
| 520 | _aProvides advice and guidance on how to plan, install and upgrade sustainable building services in historic and traditional buildings. Includes case studies. | ||
| 650 | _aENERGY EFFICIENT | ||
| 650 | _aTRADITIONAL BUILDINGS | ||
| 650 | _aHISTORIC BUILDINGS | ||
| 650 |
_aBlock management _96220 |
||
| 690 |
_aBlock management _96220 |
||
| 710 |
_aCarbon Trust _94377 |
||
| 710 | _aAction Energy | ||
| 942 | _n0 | ||
| 999 |
_c102881 _d102881 |
||